[Event "St Therese Outaouais-Laurentides m2"]
[Site "St Therese"]
[Date "1994.10.15"]
[Round "2"]
[White "Loranger, Stephane"]
[Black "Roussel, Eric"]
[Result "1/2-1/2"]
[WhiteElo "1440"]
[BlackElo "1370"]
[PlyCount "120"]
[EventDate "1994.10.15"]
[EventType "team-match"]
[EventRounds "2"]
[EventCountry "CAN"]
[SourceTitle "EXT 2022"]
[Source "ChessBase"]
[SourceDate "2021.10.06"]
[SourceVersion "1"]
[SourceVersionDate "2021.10.06"]
[SourceQuality "1"]

1. e4 d5 2. exd5 Qxd5 3. Nc3 Qa5 4. d4 Bd7 5. Nf3 Nf6 6. Be2 e6 7. Bd2 Qb6 8. 0-0 Bd6 9. Re1 0-0 10. Rb1 a6 11. Bd3 c5 12. dxc5 Bxc5 13. Be3 Bxe3 14. Rxe3 Ng4 15. Re2 Bc6 16. Nd4 Qc7 17. g3 Rd8 18. Nxc6 Nxc6 19. Rd2 Nce5 20. Be4 Rxd2 21. Qxd2 Rd8 22. Qe2 Nf6 23. Bg2 Nc4 24. Rd1 Rc8 25. Bxb7 Rf8 26. Bxa6 Nxb2 27. Nb5 Qa5 28. Rb1 Qxa6 29. Rxb2 Rb8 30. Nc7 Qc8 31. Rxb8 Qxb8 32. Qa6 Kf8 33. Qa8 Qxa8 34. Nxa8 Nd5 35. c4 Nb4 36. a4 Ke7 37. Nc7 Kd7 38. Nb5 Kc6 39. Kf1 Kc5 40. Na3 Nc6 41. Ke2 Kb4 42. Nc2+ Kxc4 43. f4 Kb3 44. Kd3 f5 45. Nd4+ Nxd4 46. Kxd4 Kxa4 47. Ke5 Kb4 48. Kxe6 Kc5 49. Kxf5 Kd6 50. g4 Ke7 51. h4 Kf7 52. h5 h6 53. g5 hxg5 54. fxg5 g6+ 55. Kg4 gxh5+ 56. Kxh5 Kg7 57. g6 Kg8 58. Kh6 Kh8 59. Kg5 Kg7 60. Kf5 Kg8 1/2-1/2

[Event "St Therese Outaouais-Laurentides m1"]
[Site "St Therese"]
[Date "1994.05.07"]
[Round "1"]
[White "Roussel, Eric"]
[Black "Loranger, Stephane"]
[Result "0-1"]
[WhiteElo "1410"]
[BlackElo "1429"]
[PlyCount "80"]
[EventDate "1994.05.07"]
[EventType "team-match"]
[EventRounds "2"]
[EventCountry "CAN"]
[SourceTitle "EXT 2022"]
[Source "ChessBase"]
[SourceDate "2021.10.06"]
[SourceVersion "1"]
[SourceVersionDate "2021.10.06"]
[SourceQuality "1"]

1. d4 Nf6 2. c4 g6 3. Nf3 Bg7 4. Nc3 0-0 5. e3 d6 6. Bd2 Re8 7. Bd3 e5 8. dxe5 dxe5 9. Qc2 Nc6 10. a3 a5 11. 0-0 Be6 12. Rfd1 Bg4 13. Be2 e4 14. Be1 Qc8 15. Nd4 Bxe2 16. Ncxe2 Ne5 17. b3 c6 18. h3 Nd3 19. Nc1 Nc5 20. Bc3 Ne6 21. Nce2 Nc5 22. Ng3 Nfd7 23. b4 axb4 24. axb4 Ne6 25. Nxe4 Rxa1 26. Bxa1 Qc7 27. Nxe6 Rxe6 28. Bxg7 Kxg7 29. Qd3 Nf6 30. Qd4 Rxe4 31. Qc3 Qe7 32. g4 Kg8 33. b5 cxb5 34. cxb5 Rb4 35. Qc8+ Ne8 36. Rd8 Rb1+ 37. Kg2 Qe4+ 38. Kg3 Rg1+ 39. Kh4 Qe7+ 40. g5 Qxg5# 0-1